| 000 | 00895nas a2200277 4500 | ||
|---|---|---|---|
| 001 | BR2020000195 | ||
| 003 | BR-BrBNA | ||
| 005 | 20231205132040.0 | ||
| 007 | ta | ||
| 008 | 230509b bl.|||p| |||| 00| 00por d | ||
| 040 |
_aBR-BrBNA _bpor _cBiblioteca Nacional de Agricultura |
||
| 041 | _a(Pt) | ||
| 072 | _aU10; P10 | ||
| 100 | 1 | _aSouza, R.V. de | |
| 100 | 1 | _aCampos, C.J.A. de | |
| 100 | 1 | _aGarbossa, L.H.P. | |
| 100 | 1 | _aSeiffert, W.Q. | |
| 245 | 1 | _aPrevendo os níveis de poluição fecal na água e nos moluscos produzidos em fazendas marinhas das baias da Ilha de Santa Catarina | |
| 650 | _aMODELO MATEMÁTICO | ||
| 650 | _aÁGUA | ||
| 650 | _aPOLUIÇÃO | ||
| 650 | _aSAÚDE PÚBLICA | ||
| 773 | 0 |
_tAgropecuária Catarinense (Brazil) _xISSN 0103-0779 _g(Sep-Dec 2019), v. 32(3) p. 40-43 _wBR2020000195 |
|
| 909 |
_a202311 _bLúcia _c55 _dLúcia Elande |
||
| 942 |
_2AGRIS _n0 _cANA |
||
| 999 |
_c258181 _d258181 |
||